| 000 | 00656na a2200217 4500 | ||
|---|---|---|---|
| 001 | 19155 | ||
| 003 | MIRAKIL | ||
| 005 | 20181213155056.0 | ||
| 008 | 161209b tu 000 0 | ||
| 040 |
_aMilas _btur _cTR-AnCHP |
||
| 041 | _ager | ||
| 082 |
_a324.2374436 _bD27 1978 |
||
| 090 | _a324.2374436 D27 1978 | ||
| 245 |
_aDas neue programm der SPÖ _cSozialistische Partei Österreichs |
||
| 260 |
_aViyana _bVorwaerts _c1978 |
||
| 300 |
_a53 s. _c21 sm. |
||
| 610 |
_aAvusturya Sosyalist Partisi _xParti programları |
||
| 650 |
_aParti türleri _xSosyalist partiler _zAvusturya |
||
| 710 | _aSozialistische Partei Österreichs | ||
| 942 |
_2ddc _cBKS |
||
| 999 |
_c6099 _d6099 |
||